000
00150nam a22000857a 4500
082
_a
823
100
_a
WILHAM, HANS
245
_a
PIRATES AHOY
942
_c
BK
999
_c
8141
_d
8141